| 000 -LEADER |
| fixed length control field |
00614nam a22001817a 4500 |
| 005 - DATE AND TIME OF LATEST TRANSACTION |
| control field |
20230925104158.0 |
| 008 - FIXED-LENGTH DATA ELEMENTS--GENERAL INFORMATION |
| fixed length control field |
230925s1944 enk||||| |||| 00| 0 eng d |
| 041 ## - LANGUAGE CODE |
| Language code of text/sound track or separate title |
eng |
| 080 ## - UNIVERSAL DECIMAL CLASSIFICATION NUMBER |
| Universal Decimal Classification number |
94 H-24 |
| 100 ## - MAIN ENTRY--PERSONAL NAME |
| Personal name |
Harrison, Richard Edes |
| 9 (RLIN) |
19900 |
| 245 ## - TITLE STATEMENT |
| Title |
Look at the World, The Fortune Atlas for World Strategy / |
| Statement of responsibility, etc. |
Richard Edes Harrison. Editor Fortune Magazine. |
| 264 ## - PRODUCTION, PUBLICATION, DISTRIBUTION, MANUFACTURE, AND COPYRIGHT NOTICE |
| Place of production, publication, distribution, manufacture |
New York, |
| Date of production, publication, distribution, manufacture, or copyright notice |
1944. |
| 300 ## - PHYSICAL DESCRIPTION |
| Extent |
68 p. : |
| Other physical details |
ill.; |
| Dimensions |
35 cm. |
| 653 ## - INDEX TERM--UNCONTROLLED |
| keyword |
მსოფლიო ატლასი |
| 653 ## - INDEX TERM--UNCONTROLLED |
| keyword |
ისტორია |
| 700 ## - ADDED ENTRY--PERSONAL NAME |
| Personal name |
Magazine, Fortune |
| Relator term |
რედაქტორი |
| 9 (RLIN) |
19901 |
| 942 ## - ADDED ENTRY ELEMENTS (KOHA) |
| Source of classification or shelving scheme |
|
| Koha item type |
წიგნი |